Mass Effect Multiple Choice - Statistics

General Stats
  • This quiz has been taken 152 times
  • The average score is 10 of 15
Answer Stats
Question Answer % Correct
Which of these is NOT a gang on Omega? The Yellow Sentinels
93%
Roughly how long is it between each "cycle" where the Reapers kill and harvest all evolved organic species? 50,000 years
89%
Samara has a daughter in Mass Effect 2 that the player can alternatively recruit at the cost of her life instead of kill. Who is this character? Morinth
88%
Which of these planets did Shepard and company NOT visit in their quest to stop the rogue Spectre Saren? Illium
85%
Which of these Characters is an (potentially, based on player's choices) available party member in every Mass Effect game? Tali
85%
What kind of army is Saren creating on the planet Virmire? An army of Krogan
83%
What planet do you fight your first Collector on in Mass Effect 2? Horizon
75%
What City is Shepard in at the start of Mass Effect 3 that gets attacked? Vancouver
75%
What planet do you rescue Liara T'soni on in Mass Effect 1? Therum
71%
Which of these Powers is NOT available to an Adept in all three of the Mass Effect games? Shockwave
58%
Which of the following is true about the Mass Effect series? Not all of the games used thermal clips for weapons
50%
Which Civilization dominated the cycle Before the Protheans? Inusannon
49%
The Quarian Admirals have gone to war against the Geth in Mass Effect 3 to try and retake Rannoch. Which of these is NOT an actual ship of one of the Admirals? Karshan
47%
You must go to find the Turian Primarch in one of the first missions in Mass Effect 3. What location do you go to in order to retrieve him? Menae
44%
How many Geth programs does Legion have within him? 1183
38%
No matching quizzes found
Score Distribution
Percent of People with Each Score
Percentile by Number Answered
Your Score History
You have not taken this quiz